000 00715nam a2200181Ia 4500
008 151202s9999||||xx |||||||||||||| ||und||
082 _bPNVM-38159
100 _aशेंडे सरोजिनी.
245 _aमराठी नाटकाची गंगोत्री.
260 _b"महाराष्ट्र राज्य सा. स. मंडळ ,मुंबई."
260 _c1986
300 _a912
600 _aशेंडे सरोजिनी.
630 _aमराठी नाटकाची गंगोत्री.
700 _aशेंडे सरोजिनी.
730 _aमराठी नाटकाची गंगोत्री.
942 _cBOOK
999 _c1304111
_d1304108